[Event "13th Khazar International Open Chess Tournament - "]
[Site "Rasht, Iran"]
[Date "2015.02.16"]
[Round "7"]
[Board "7"]
[White "Chighladze, Iveri"]
[Black "Starostits, Ilmars"]
[Result "0-1"]
[WhiteElo "2338"]
[BlackElo "2454"]
[PlyCount "0"]
[EventDate "2015.02.11"]
[EventRounds "9"]
[EventCountry "IRI"]

1. d4 {[%clk 1:30:57]} d5 {[%clk 1:29:23]} 2. c4 {[%clk 1:30:29]} dxc4
{[%clk 1:29:35]} 3. Nf3 {[%clk 1:30:41]} c6 {[%clk 1:29:56]} 4. e3
{[%clk 1:30:55]} Be6 {[%clk 1:30:18]} 5. Nbd2 {[%clk 1:31:10]} Qa5
{[%clk 1:28:52]} 6. Be2 {[%clk 1:31:19]} Nf6 {[%clk 1:29:17]} 7. O-O
{[%clk 1:31:41]} b5 {[%clk 1:29:43]} 8. a4 {[%clk 1:31:44]} a6 {[%clk 1:28:16]}
9. Qc2 {[%clk 1:25:55]} g6 {[%clk 1:22:12]} 10. b3 {[%clk 1:13:15]} c3
{[%clk 1:07:28]} 11. b4 {[%clk 1:13:20]} Qxb4 {[%clk 1:02:51]} 12. Ba3
{[%clk 1:11:46]} Qxa4 {[%clk 1:03:01]} 13. Qxa4 {[%clk 0:50:19]} bxa4
{[%clk 1:03:17]} 14. Nc4 {[%clk 0:50:45]} Nbd7 {[%clk 1:01:37]} 15. Rfc1
{[%clk 0:31:30]} Ne4 {[%clk 0:56:02]} 16. Nfe5 {[%clk 0:30:03]} Nxe5
{[%clk 0:40:11]} 17. Nxe5 {[%clk 0:30:20]} Bd5 {[%clk 0:34:22]} 18. f3
{[%clk 0:27:35]} Nd6 {[%clk 0:32:20]} 19. Bc5 {[%clk 0:26:56]} f6
{[%clk 0:30:47]} 20. Nd3 {[%clk 0:26:45]} Bh6 {[%clk 0:30:43]} 21. Kf2
{[%clk 0:16:21]} Nc4 {[%clk 0:30:37]} 22. f4 {[%clk 0:16:47]} Nd2
{[%clk 0:25:08]} 23. Rxa4 {[%clk 0:17:12]} Ne4+ {[%clk 0:25:21]} 24. Kg1
{[%clk 0:16:02]} Kf7 {[%clk 0:25:34]} 25. Ba3 {[%clk 0:09:52]} Rhb8
{[%clk 0:24:54]} 26. Nf2 {[%clk 0:10:01]} Rb2 {[%clk 0:23:33]} 27. Bf3
{[%clk 0:04:09]} Nxf2 {[%clk 0:20:57]} 28. Bxb2 {[%clk 0:03:10]} cxb2
{[%clk 0:21:22]} 29. Rb1 {[%clk 0:03:32]} Ne4 {[%clk 0:15:29]} 30. Rxb2
{[%clk 0:03:57]} g5 {[%clk 0:13:54]} 31. g3 {[%clk 0:03:19]} gxf4
{[%clk 0:14:15]} 32. exf4 {[%clk 0:03:15]} f5 {[%clk 0:14:30]} 33. Be2
{[%clk 0:02:36]} Bg7 {[%clk 0:14:53]} 34. Kf1 {[%clk 0:01:14]} Nc3
{[%clk 0:13:09]} 35. Rxa6 {[%clk 0:01:40]} Rxa6 {[%clk 0:13:32]} 36. Bxa6
{[%clk 0:02:07]} Bxd4 {[%clk 0:13:57]} 37. Rb8 {[%clk 0:02:20]} c5
{[%clk 0:13:56]} 38. Rc8 {[%clk 0:02:47]} Ne4 {[%clk 0:13:55]} 39. Bd3
{[%clk 0:02:50]} c4 {[%clk 0:13:44]} 40. Bc2 {[%clk 0:02:42]} Nd6
{[%clk 0:13:45]} 41. Rd8 {[%clk 0:02:58]} Be4 {[%clk 0:12:52]} 42. Bxe4
{[%clk 0:02:58]} fxe4 {[%clk 0:13:18]} 43. Ke2 {[%clk 0:01:41]} c3
{[%clk 0:13:42]} 44. g4 {[%clk 0:01:45]} Bg1 {[%clk 0:12:41]} 45. h3
{[%clk 0:01:39]} Bh2 {[%clk 0:13:03]} 46. Rd7 {[%clk 0:01:00]} Bxf4
{[%clk 0:13:18]} 47. Rc7 {[%clk 0:01:29]} Nb5 {[%clk 0:13:38]} 48. Rc4
{[%clk 0:01:54]} c2 {[%clk 0:13:56]} 0-1

[Event "13th Khazar International Open Chess Tournament - "]
[Site "Rasht, Iran"]
[Date "2015.02.16"]
[Round "7"]
[Board "8"]
[White "Ghaem Maghami, Ehsan"]
[Black "Sadeh, Shahin"]
[Result "1-0"]
[WhiteElo "2554"]
[BlackElo "2243"]
[PlyCount "0"]
[EventDate "2015.02.11"]
[EventRounds "9"]
[EventCountry "IRI"]

1. Nf3 {[%clk 1:30:45]} Nf6 {[%clk 1:17:39]} 2. d4 {[%clk 1:30:57]} e6
{[%clk 1:17:26]} 3. g3 {[%clk 1:22:50]} c5 {[%clk 1:14:03]} 4. Bg2
{[%clk 1:22:56]} cxd4 {[%clk 1:12:28]} 5. Nxd4 {[%clk 1:19:13]} d5
{[%clk 1:12:51]} 6. O-O {[%clk 1:19:26]} Be7 {[%clk 1:11:49]} 7. c4
{[%clk 1:19:02]} dxc4 {[%clk 1:04:39]} 8. Qa4+ {[%clk 1:16:05]} Nbd7
{[%clk 1:04:52]} 9. Rd1 {[%clk 1:15:21]} O-O {[%clk 1:03:50]} 10. Qxc4
{[%clk 1:15:34]} Qb6 {[%clk 0:58:27]} 11. Nc3 {[%clk 1:14:38]} Rd8
{[%clk 0:54:07]} 12. Na4 {[%clk 1:07:14]} Qa5 {[%clk 0:46:23]} 13. Bd2
{[%clk 0:46:25]} Qh5 {[%clk 0:46:37]} 14. Bb4 {[%clk 0:45:53]} Ne5
{[%clk 0:38:27]} 15. Qb3 {[%clk 0:45:26]} Bxb4 {[%clk 0:37:57]} 16. Qxb4
{[%clk 0:45:26]} Nd5 {[%clk 0:38:13]} 17. Qb3 {[%clk 0:41:41]} Bd7
{[%clk 0:30:55]} 18. Nc5 {[%clk 0:38:34]} Nb6 {[%clk 0:26:01]} 19. Rac1
{[%clk 0:29:39]} Rac8 {[%clk 0:23:30]} 20. Nxd7 {[%clk 0:28:50]} Rxc1
{[%clk 0:23:13]} 21. Rxc1 {[%clk 0:29:11]} Nexd7 {[%clk 0:20:07]} 22. Bxb7
{[%clk 0:25:27]} e5 {[%clk 0:13:55]} 23. Nc6 {[%clk 0:21:28]} Re8
{[%clk 0:14:19]} 24. Nxa7 {[%clk 0:19:12]} Qxe2 {[%clk 0:14:03]} 25. Qc2
{[%clk 0:15:09]} Qg4 {[%clk 0:13:24]} 26. Nc8 {[%clk 0:13:53]} h5
{[%clk 0:11:48]} 27. Nxb6 {[%clk 0:08:38]} Nxb6 {[%clk 0:11:58]} 28. Qe4
{[%clk 0:08:33]} Qg5 {[%clk 0:10:08]} 29. Qe3 {[%clk 0:07:51]} Qd8
{[%clk 0:09:36]} 30. a4 {[%clk 0:07:38]} e4 {[%clk 0:06:06]} 31. a5
{[%clk 0:06:58]} Nd5 {[%clk 0:06:13]} 32. Qd2 {[%clk 0:06:54]} e3
{[%clk 0:05:29]} 33. fxe3 {[%clk 0:06:49]} 1-0

[Event "13th Khazar International Open Chess Tournament - "]
[Site "Rasht, Iran"]
[Date "2015.02.16"]
[Round "7"]
[Board "9"]
[White "Grabliauskas, Virginijus"]
[Black "Lorparizangeneh, Shahin"]
[Result "1-0"]
[WhiteElo "2323"]
[BlackElo "2354"]
[PlyCount "0"]
[EventDate "2015.02.11"]
[EventRounds "9"]
[EventCountry "IRI"]

1. d4 d5 {[%clk 1:29:35]} 2. c4 {[%clk 1:31:05]} c6 {[%clk 1:29:53]} 3. Nf3
{[%clk 1:30:37]} Nf6 {[%clk 1:30:16]} 4. Nc3 {[%clk 1:30:51]} a6 {[%clk 1:22:19]}
5. g3 {[%clk 1:24:38]} dxc4 {[%clk 1:06:07]} 6. Bg2 {[%clk 1:20:27]} b5
{[%clk 0:59:40]} 7. O-O {[%clk 1:19:52]} e6 {[%clk 0:56:22]} 8. e4
{[%clk 1:16:28]} Be7 {[%clk 0:52:57]} 9. e5 {[%clk 0:58:14]} Nd5 {[%clk 0:52:44]}
10. Ne4 {[%clk 0:58:37]} h6 {[%clk 0:49:37]} 11. Ne1 {[%clk 0:37:49]} Nd7
{[%clk 0:37:44]} 12. Qg4 {[%clk 0:36:44]} g6 {[%clk 0:35:52]} 13. b3
{[%clk 0:32:07]} Qb6 {[%clk 0:17:35]} 14. bxc4 {[%clk 0:30:35]} bxc4
{[%clk 0:17:55]} 15. Nc2 {[%clk 0:30:39]} a5 {[%clk 0:13:56]} 16. Ba3
{[%clk 0:24:13]} Nb4 {[%clk 0:11:37]} 17. Rab1 {[%clk 0:14:57]} Rb8
{[%clk 0:10:35]} 18. Nxb4 {[%clk 0:11:07]} axb4 {[%clk 0:10:53]} 19. Bxb4
{[%clk 0:11:29]} Bxb4 {[%clk 0:05:19]} 20. a3 {[%clk 0:09:47]} Kf8
{[%clk 0:04:26]} 21. Nd6 {[%clk 0:08:46]} c5 {[%clk 0:03:05]} 22. Qf4
{[%clk 0:05:56]} Rh7 {[%clk 0:02:12]} 23. dxc5 {[%clk 0:04:36]} Qxc5
{[%clk 0:02:16]} 24. Rxb4 {[%clk 0:04:59]} g5 {[%clk 0:01:41]} 25. Rxb8
{[%clk 0:04:18]} Nxb8 {[%clk 0:01:56]} 26. Qe4 {[%clk 0:04:20]} f5
{[%clk 0:00:51]} 27. exf6 {[%clk 0:03:49]} Rd7 {[%clk 0:01:04]} 28. Nxc8
{[%clk 0:03:11]} Qxc8 {[%clk 0:01:32]} 29. Rc1 {[%clk 0:03:26]} Rc7
{[%clk 0:01:41]} 30. Qg6 {[%clk 0:03:35]} Qd7 {[%clk 0:01:09]} 31. Qxh6+
{[%clk 0:03:57]} Kg8 {[%clk 0:01:37]} 32. Qxg5+ {[%clk 0:04:11]} Kh8
{[%clk 0:02:02]} 33. Be4 {[%clk 0:04:13]} c3 {[%clk 0:02:00]} 34. Qh6+
{[%clk 0:04:13]} Kg8 {[%clk 0:02:28]} 35. Bg6 {[%clk 0:04:21]} Qd2
{[%clk 0:02:17]} 36. f7+ {[%clk 0:04:23]} Rxf7 {[%clk 0:02:43]} 37. Bxf7+
{[%clk 0:04:45]} 1-0

[Event "13th Khazar International Open Chess Tournament - "]
[Site "Rasht, Iran"]
[Date "2015.02.16"]
[Round "7"]
[Board "10"]
[White "Asgari, Morteza"]
[Black "Darban, Morteza"]
[Result "1-0"]
[WhiteElo "2193"]
[BlackElo "2334"]
[PlyCount "0"]
[EventDate "2015.02.11"]
[EventRounds "9"]
[EventCountry "IRI"]

1. e4 {[%clk 1:30:57]} d5 {[%clk 1:29:25]} 2. exd5 {[%clk 1:31:17]} Qxd5
{[%clk 1:29:50]} 3. Nf3 {[%clk 1:30:30]} Bg4 {[%clk 1:29:37]} 4. Be2
{[%clk 1:30:56]} e6 {[%clk 1:29:07]} 5. d4 {[%clk 1:23:46]} c6 {[%clk 1:22:48]}
6. O-O {[%clk 1:23:57]} Nd7 {[%clk 1:23:06]} 7. c4 {[%clk 1:22:13]} Qa5
{[%clk 1:22:12]} 8. Nc3 {[%clk 1:20:19]} Ngf6 {[%clk 1:22:25]} 9. h3
{[%clk 1:17:35]} Bh5 {[%clk 1:22:24]} 10. Bd2 {[%clk 1:12:19]} Qb6
{[%clk 1:20:55]} 11. c5 {[%clk 1:12:29]} Qc7 {[%clk 1:21:05]} 12. b4
{[%clk 1:12:45]} a6 {[%clk 1:18:39]} 13. Qc1 {[%clk 1:10:19]} Be7
{[%clk 1:12:45]} 14. Bf4 {[%clk 1:10:21]} Qc8 {[%clk 1:13:07]} 15. Re1
{[%clk 0:59:36]} O-O {[%clk 1:11:52]} 16. g4 {[%clk 0:58:40]} Bg6
{[%clk 1:12:08]} 17. Nh4 {[%clk 0:59:07]} Ne8 {[%clk 0:31:37]} 18. Nxg6
{[%clk 0:58:59]} hxg6 {[%clk 0:32:05]} 19. g5 {[%clk 0:50:46]} Nc7
{[%clk 0:26:35]} 20. h4 {[%clk 0:42:55]} a5 {[%clk 0:21:10]} 21. a3
{[%clk 0:38:42]} axb4 {[%clk 0:21:23]} 22. axb4 {[%clk 0:39:10]} Rxa1
{[%clk 0:21:47]} 23. Qxa1 {[%clk 0:39:29]} Rd8 {[%clk 0:17:59]} 24. Qa5
{[%clk 0:37:17]} e5 {[%clk 0:13:30]} 25. Bg4 {[%clk 0:36:03]} exf4
{[%clk 0:02:04]} 26. Rxe7 {[%clk 0:35:44]} Kf8 {[%clk 0:02:17]} 27. Re4
{[%clk 0:25:05]} f5 {[%clk 0:02:17]} 28. gxf6 {[%clk 0:22:28]} gxf6
{[%clk 0:02:45]} 29. Rxf4 {[%clk 0:22:26]} f5 {[%clk 0:03:09]} 30. d5
{[%clk 0:13:26]} Nf6 {[%clk 0:01:38]} 31. Bf3 {[%clk 0:12:01]} Nfxd5
{[%clk 0:00:52]} 32. Nxd5 {[%clk 0:12:07]} Nxd5 {[%clk 0:00:53]} 33. Rd4
{[%clk 0:12:19]} Nc7 {[%clk 0:00:51]} 34. Rd6 {[%clk 0:12:05]} Rxd6
{[%clk 0:00:38]} 35. cxd6 {[%clk 0:12:33]} Nb5 {[%clk 0:00:46]} 36. Qa1
{[%clk 0:11:58]} Kf7 {[%clk 0:01:14]} 37. h5 {[%clk 0:12:27]} gxh5
{[%clk 0:01:07]} 38. Qe5 {[%clk 0:12:27]} Qg8+ {[%clk 0:00:33]} 39. Kh1
{[%clk 0:12:18]} Qg5 {[%clk 0:00:35]} 40. d7 {[%clk 0:11:46]} Qh4+
{[%clk 0:01:03]} 41. Kg2 {[%clk 0:12:00]} Qg5+ {[%clk 0:01:32]} 42. Kh3
{[%clk 0:12:29]} 1-0

[Event "13th Khazar International Open Chess Tournament - "]
[Site "Rasht, Iran"]
[Date "2015.02.16"]
[Round "8"]
[Board "1"]
[White "Stopa, Jacek"]
[Black "Mosadeghpour, Masoud"]
[Result "1-0"]
[WhiteElo "2540"]
[BlackElo "2325"]
[PlyCount "0"]
[EventDate "2015.02.11"]
[EventRounds "9"]
[EventCountry "IRI"]

1. d4 {[%clk 1:30:59]} Nf6 {[%clk 1:24:56]} 2. c4 {[%clk 1:31:23]} g6
{[%clk 1:25:18]} 3. f3 {[%clk 1:31:49]} d5 {[%clk 1:25:31]} 4. cxd5
{[%clk 1:32:15]} Nxd5 {[%clk 1:25:57]} 5. e4 {[%clk 1:32:40]} Nb6
{[%clk 1:26:24]} 6. Nc3 {[%clk 1:33:06]} Bg7 {[%clk 1:26:49]} 7. Be3
{[%clk 1:33:33]} O-O {[%clk 1:27:14]} 8. Qd2 {[%clk 1:34:00]} Nc6
{[%clk 1:27:39]} 9. O-O-O {[%clk 1:34:24]} Qd6 {[%clk 1:28:07]} 10. Nb5
{[%clk 1:34:39]} Qd7 {[%clk 1:22:59]} 11. Bh6 {[%clk 1:35:03]} a6
{[%clk 1:11:58]} 12. Bxg7 {[%clk 1:33:36]} Kxg7 {[%clk 1:12:25]} 13. Nc3
{[%clk 1:33:41]} f5 {[%clk 0:52:58]} 14. d5 {[%clk 1:26:01]} Nd8 {[%clk 0:52:32]}
15. Qd4+ {[%clk 1:21:38]} Kg8 {[%clk 0:52:49]} 16. h4 {[%clk 1:21:31]} e6
{[%clk 0:50:46]} 17. h5 {[%clk 1:12:35]} Qg7 {[%clk 0:49:56]} 18. hxg6
{[%clk 1:12:57]} hxg6 {[%clk 0:48:26]} 19. Qc5 {[%clk 1:10:51]} fxe4
{[%clk 0:36:52]} 20. fxe4 {[%clk 1:08:01]} exd5 {[%clk 0:34:25]} 21. exd5
{[%clk 1:08:23]} Bf5 {[%clk 0:34:01]} 22. Nf3 {[%clk 1:06:53]} Nf7
{[%clk 0:31:51]} 23. Bd3 {[%clk 1:02:27]} Nd7 {[%clk 0:29:21]} 24. Qb4
{[%clk 0:58:39]} a5 {[%clk 0:22:17]} 25. Qh4 {[%clk 0:56:05]} Nfe5
{[%clk 0:15:25]} 26. Bxf5 {[%clk 0:43:09]} Rxf5 {[%clk 0:15:41]} 27. Qg3
{[%clk 0:43:03]} Nxf3 {[%clk 0:05:22]} 28. gxf3 {[%clk 0:43:20]} Ne5
{[%clk 0:05:40]} 29. f4 {[%clk 0:41:42]} Nc4 {[%clk 0:06:02]} 30. Rdg1
{[%clk 0:36:57]} Kf7 {[%clk 0:06:07]} 31. Rh2 {[%clk 0:27:25]} Re8
{[%clk 0:05:37]} 32. Rhg2 {[%clk 0:26:41]} Nd6 {[%clk 0:02:09]} 33. Qxg6+
{[%clk 0:26:36]} Qxg6 {[%clk 0:02:38]} 34. Rxg6 {[%clk 0:26:56]} Re1+
{[%clk 0:03:00]} 35. Rxe1 {[%clk 0:26:49]} Kxg6 {[%clk 0:03:29]} 36. Re7
{[%clk 0:25:45]} Rf7 {[%clk 0:02:51]} 37. Rxf7 {[%clk 0:26:02]} Kxf7
{[%clk 0:03:15]} 38. b3 {[%clk 0:24:25]} Kf6 {[%clk 0:01:07]} 39. Kd2
{[%clk 0:24:47]} Kf5 {[%clk 0:00:40]} 40. Ke3 {[%clk 0:25:12]} b6
{[%clk 0:00:35]} 41. Ne2 {[%clk 0:24:32]} Nb5 {[%clk 0:00:34]} 42. Nd4+
{[%clk 0:17:41]} Nxd4 {[%clk 0:00:58]} 43. Kxd4 {[%clk 0:18:08]} Kxf4
{[%clk 0:01:20]} 44. d6 {[%clk 0:18:36]} cxd6 {[%clk 0:01:45]} 45. Kd5
{[%clk 0:19:03]} Ke3 {[%clk 0:02:05]} 46. Kxd6 {[%clk 0:19:29]} Kd3
{[%clk 0:02:24]} 47. Kc6 {[%clk 0:19:55]} Kc3 {[%clk 0:02:50]} 48. Kxb6
{[%clk 0:20:21]} Kb4 {[%clk 0:03:17]} 49. a4 {[%clk 0:20:44]} 1-0

[Event "13th Khazar International Open Chess Tournament - "]
[Site "Rasht, Iran"]
[Date "2015.02.16"]
[Round "8"]
[Board "2"]
[White "Mirzoev, Azer"]
[Black "Pourramezanali, Amirreza"]
[Result "1/2-1/2"]
[WhiteElo "2556"]
[BlackElo "2432"]
[PlyCount "0"]
[EventDate "2015.02.11"]
[EventRounds "9"]
[EventCountry "IRI"]

1. d4 {[%clk 1:30:55]} d5 {[%clk 1:25:14]} 2. Nf3 {[%clk 1:31:17]} Nf6
{[%clk 1:25:37]} 3. c4 {[%clk 1:31:41]} c6 {[%clk 1:26:03]} 4. Qc2
{[%clk 1:32:04]} g6 {[%clk 1:26:28]} 5. Bf4 {[%clk 1:32:17]} Bg7 {[%clk 1:26:53]}
6. e3 {[%clk 1:32:42]} O-O {[%clk 1:27:18]} 7. Nc3 {[%clk 1:32:52]} Na6
{[%clk 1:27:40]} 8. cxd5 {[%clk 1:31:14]} Nb4 {[%clk 1:26:40]} 9. Qb3
{[%clk 1:31:02]} Nbxd5 {[%clk 1:26:10]} 10. Be5 {[%clk 1:30:51]} Qa5
{[%clk 1:11:52]} 11. Be2 {[%clk 0:54:52]} Ne4 {[%clk 1:05:30]} 12. Bxg7
{[%clk 0:50:59]} Kxg7 {[%clk 1:03:28]} 13. Qa4 {[%clk 0:46:01]} Qxa4
{[%clk 1:03:34]} 14. Nxa4 {[%clk 0:46:25]} Be6 {[%clk 0:50:55]} 15. Bd3
{[%clk 0:44:35]} Ndf6 {[%clk 0:49:44]} 16. Nd2 {[%clk 0:41:30]} Nxd2
{[%clk 0:50:12]} 17. Kxd2 {[%clk 0:41:55]} Rad8 {[%clk 0:50:37]} 18. Nc5
{[%clk 0:41:26]} Bc8 {[%clk 0:50:54]} 19. Ke2 {[%clk 0:41:47]} Rfe8
{[%clk 0:43:08]} 20. f4 {[%clk 0:40:39]} Nd5 {[%clk 0:41:29]} 21. Be4
{[%clk 0:40:33]} f6 {[%clk 0:41:03]} 22. Nd3 {[%clk 0:40:49]} Nb6
{[%clk 0:34:19]} 23. Rac1 {[%clk 0:35:34]} Nd7 {[%clk 0:30:30]} 24. Rhd1
{[%clk 0:32:55]} e5 {[%clk 0:26:37]} 25. dxe5 {[%clk 0:33:06]} fxe5
{[%clk 0:27:03]} 26. Nxe5 {[%clk 0:32:55]} Nxe5 {[%clk 0:27:25]} 27. Rxd8
{[%clk 0:32:47]} Rxd8 {[%clk 0:27:53]} 28. fxe5 {[%clk 0:33:08]} Re8
{[%clk 0:25:13]} 29. Rc5 {[%clk 0:33:14]} Re7 {[%clk 0:25:40]} 30. Bf3
{[%clk 0:32:14]} Be6 {[%clk 0:19:06]} 31. a3 {[%clk 0:30:55]} Kf7
{[%clk 0:18:36]} 32. b4 {[%clk 0:30:32]} Rd7 {[%clk 0:18:46]} 33. h4
{[%clk 0:30:19]} g5 {[%clk 0:15:47]} 34. hxg5 {[%clk 0:23:10]} Kg6
{[%clk 0:16:17]} 35. Rc1 {[%clk 0:23:24]} Kxg5 {[%clk 0:16:15]} 36. Rh1
{[%clk 0:23:32]} Bf7 {[%clk 0:14:44]} 37. Rc1 {[%clk 0:11:07]} Be6
{[%clk 0:14:59]} 38. g3 {[%clk 0:10:56]} h5 {[%clk 0:14:17]} 39. a4
{[%clk 0:09:29]} Rh7 {[%clk 0:12:38]} 40. a5 {[%clk 0:09:45]} h4 {[%clk 0:11:03]}
41. Be4 {[%clk 0:06:19]} Bg4+ {[%clk 0:10:20]} 42. Ke1 {[%clk 0:04:47]} Bf5
{[%clk 0:10:24]} 1/2-1/2

[Event "13th Khazar International Open Chess Tournament - "]
[Site "Rasht, Iran"]
[Date "2015.02.16"]
[Round "8"]
[Board "3"]
[White "Mousavi, Seyed Khalil"]
[Black "Sharbaf, Mohsen"]
[Result "1-0"]
[WhiteElo "2285"]
[BlackElo "2350"]
[PlyCount "0"]
[EventDate "2015.02.11"]
[EventRounds "9"]
[EventCountry "IRI"]

1. d4 {[%clk 1:21:09]} Nf6 {[%clk 1:30:39]} 2. c4 {[%clk 1:21:11]} e6
{[%clk 1:31:02]} 3. Nf3 {[%clk 1:21:18]} b6 {[%clk 1:30:16]} 4. g3
{[%clk 1:21:41]} Bb7 {[%clk 1:30:40]} 5. Bg2 {[%clk 1:22:05]} Be7
{[%clk 1:31:03]} 6. O-O {[%clk 1:22:29]} O-O {[%clk 1:31:29]} 7. d5
{[%clk 1:22:56]} exd5 {[%clk 1:29:31]} 8. Nh4 {[%clk 1:22:16]} c6
{[%clk 1:26:54]} 9. cxd5 {[%clk 1:22:37]} Nxd5 {[%clk 1:27:20]} 10. Nf5
{[%clk 1:22:02]} Nc7 {[%clk 1:25:39]} 11. e4 {[%clk 1:21:54]} d5 {[%clk 1:26:02]}
12. Nc3 {[%clk 1:16:38]} Bf6 {[%clk 1:22:29]} 13. Bf4 {[%clk 1:16:40]} Bc8
{[%clk 1:20:21]} 14. Rc1 {[%clk 1:07:10]} Nba6 {[%clk 1:13:51]} 15. g4
{[%clk 1:00:21]} Bg5 {[%clk 1:04:43]} 16. Bxg5 {[%clk 0:59:45]} Qxg5
{[%clk 0:58:48]} 17. f4 {[%clk 1:00:02]} Qd8 {[%clk 0:59:06]} 18. exd5
{[%clk 0:55:18]} Nxd5 {[%clk 0:56:32]} 19. Nxd5 {[%clk 0:51:54]} cxd5
{[%clk 0:55:00]} 20. Bxd5 {[%clk 0:52:12]} Bxf5 {[%clk 0:54:08]} 21. Bxa8
{[%clk 0:51:38]} Qxa8 {[%clk 0:52:47]} 22. gxf5 {[%clk 0:51:42]} Qe4
{[%clk 0:53:12]} 23. Qc2 {[%clk 0:50:02]} Qd4+ {[%clk 0:52:54]} 24. Qf2
{[%clk 0:48:31]} Qf6 {[%clk 0:51:44]} 25. Qe2 {[%clk 0:48:13]} Nc5
{[%clk 0:52:05]} 26. Qe5 {[%clk 0:48:33]} Qh6 {[%clk 0:51:58]} 27. Rc3
{[%clk 0:48:17]} Qh4 {[%clk 0:51:53]} 28. Rg3 {[%clk 0:48:30]} 1-0

[Event "13th Khazar International Open Chess Tournament - "]
[Site "Rasht, Iran"]
[Date "2015.02.16"]
[Round "8"]
[Board "4"]
[White "Grabliauskas, Virginijus"]
[Black "Tarlev, Konstantin"]
[Result "1/2-1/2"]
[WhiteElo "2323"]
[BlackElo "2557"]
[PlyCount "0"]
[EventDate "2015.02.11"]
[EventRounds "9"]
[EventCountry "IRI"]

1. d4 {[%clk 1:30:57]} Nf6 {[%clk 1:30:55]} 2. c4 {[%clk 1:31:21]} g6
{[%clk 1:30:55]} 3. g3 {[%clk 1:28:49]} Bg7 {[%clk 1:28:38]} 4. Bg2
{[%clk 1:29:09]} d5 {[%clk 1:29:06]} 5. cxd5 {[%clk 1:29:19]} Nxd5
{[%clk 1:29:33]} 6. Nf3 {[%clk 1:29:30]} O-O {[%clk 1:29:50]} 7. O-O
{[%clk 1:29:54]} Nc6 {[%clk 1:29:40]} 8. e4 {[%clk 1:26:38]} Nb6 {[%clk 1:30:02]}
9. d5 {[%clk 1:19:33]} Na5 {[%clk 1:29:58]} 10. Na3 {[%clk 1:08:20]} c6
{[%clk 1:25:47]} 11. Qe1 {[%clk 0:56:04]} Nac4 {[%clk 1:22:33]} 12. Nxc4
{[%clk 0:56:13]} Nxc4 {[%clk 1:23:00]} 13. dxc6 {[%clk 0:55:31]} bxc6
{[%clk 1:20:58]} 14. Qb4 {[%clk 0:52:52]} Ba6 {[%clk 1:16:13]} 15. Bg5
{[%clk 0:50:47]} Rb8 {[%clk 0:38:02]} 16. Qc5 {[%clk 0:40:59]} f6
{[%clk 0:36:39]} 17. Bf4 {[%clk 0:24:59]} e5 {[%clk 0:36:57]} 18. Rfd1
{[%clk 0:24:22]} Qc7 {[%clk 0:29:02]} 19. b3 {[%clk 0:13:23]} Nb2
{[%clk 0:15:09]} 20. Rd2 {[%clk 0:13:42]} exf4 {[%clk 0:15:35]} 21. Rxb2
{[%clk 0:14:04]} fxg3 {[%clk 0:16:01]} 22. hxg3 {[%clk 0:14:18]} f5
{[%clk 0:15:16]} 23. e5 {[%clk 0:13:44]} Bd3 {[%clk 0:12:42]} 24. Rd1
{[%clk 0:11:31]} Rb5 {[%clk 0:12:02]} 25. Qc1 {[%clk 0:10:22]} Be4
{[%clk 0:11:40]} 26. Rbd2 {[%clk 0:10:04]} Bxf3 {[%clk 0:06:58]} 27. Bxf3
{[%clk 0:10:11]} Rxe5 {[%clk 0:07:26]} 28. Qc4+ {[%clk 0:08:12]} Qf7
{[%clk 0:04:27]} 29. Qxc6 {[%clk 0:08:22]} Kh8 {[%clk 0:04:16]} 30. Rd7
{[%clk 0:07:49]} Re7 {[%clk 0:04:37]} 31. Kg2 {[%clk 0:07:39]} g5
{[%clk 0:03:37]} 32. Rxe7 {[%clk 0:06:13]} Qxe7 {[%clk 0:04:05]} 33. Rd7
{[%clk 0:06:19]} Qe5 {[%clk 0:04:05]} 34. Qd5 {[%clk 0:04:55]} g4
{[%clk 0:03:12]} 35. Bd1 {[%clk 0:05:13]} Qf6 {[%clk 0:03:25]} 36. Qd6
{[%clk 0:03:07]} Qg5 {[%clk 0:03:29]} 37. Qe7 {[%clk 0:02:20]} Qxe7
{[%clk 0:03:11]} 38. Rxe7 {[%clk 0:02:47]} Bd4 {[%clk 0:03:38]} 39. Rd7
{[%clk 0:02:12]} Bb6 {[%clk 0:03:33]} 40. Bc2 {[%clk 0:01:38]} h6
{[%clk 0:02:46]} 41. Bd3 {[%clk 0:01:27]} h5 {[%clk 0:01:03]} 42. Rd5
{[%clk 0:01:25]} Rd8 {[%clk 0:01:21]} 43. Rxd8+ {[%clk 0:01:40]} Bxd8
{[%clk 0:01:48]} 44. Bxf5 {[%clk 0:02:06]} Kg7 {[%clk 0:02:15]} 45. Bd7
{[%clk 0:02:02]} Be7 {[%clk 0:02:21]} 46. Kf1 {[%clk 0:02:12]} Kf6
{[%clk 0:02:45]} 47. Ke2 {[%clk 0:02:28]} Kg5 {[%clk 0:03:09]} 48. Bc6
{[%clk 0:02:10]} Bc5 {[%clk 0:03:19]} 49. Bd5 {[%clk 0:02:17]} h4
{[%clk 0:03:29]} 50. gxh4+ {[%clk 0:02:38]} Kxh4 {[%clk 0:03:57]} 51. Bc6 1/2-1/2

[Event "13th Khazar International Open Chess Tournament - "]
[Site "Rasht, Iran"]
[Date "2015.02.16"]
[Round "8"]
[Board "5"]
[White "Lazarev, Vladimir"]
[Black "Ghaem Maghami, Ehsan"]
[Result "1/2-1/2"]
[WhiteElo "2361"]
[BlackElo "2554"]
[PlyCount "0"]
[EventDate "2015.02.11"]
[EventRounds "9"]
[EventCountry "IRI"]

1. d4 {[%clk 1:30:43]} Nf6 {[%clk 1:30:01]} 2. c4 {[%clk 1:30:54]} e6
{[%clk 1:30:21]} 3. Nc3 {[%clk 1:31:01]} Bb4 {[%clk 1:30:44]} 4. Qc2
{[%clk 1:31:01]} O-O {[%clk 1:31:02]} 5. a3 {[%clk 1:30:39]} Bxc3+
{[%clk 1:31:12]} 6. Qxc3 {[%clk 1:31:01]} d6 {[%clk 1:31:28]} 7. f3
{[%clk 1:21:40]} d5 {[%clk 1:26:50]} 8. cxd5 {[%clk 1:18:15]} Nxd5
{[%clk 1:22:56]} 9. Qd3 {[%clk 1:17:10]} b6 {[%clk 1:21:43]} 10. e4
{[%clk 1:15:42]} Ba6 {[%clk 1:21:15]} 11. Qc2 {[%clk 1:12:43]} Bxf1
{[%clk 1:18:49]} 12. Kxf1 {[%clk 1:13:05]} Ne7 {[%clk 1:18:46]} 13. Ne2
{[%clk 1:08:59]} Nbc6 {[%clk 1:15:11]} 14. Be3 {[%clk 1:05:02]} Qd7
{[%clk 1:13:58]} 15. g3 {[%clk 0:53:09]} f5 {[%clk 1:06:34]} 16. Kg2
{[%clk 0:44:51]} fxe4 {[%clk 0:59:05]} 17. fxe4 {[%clk 0:37:53]} e5
{[%clk 0:59:00]} 18. d5 {[%clk 0:33:23]} Na5 {[%clk 0:58:30]} 19. Rhf1
{[%clk 0:28:13]} Nb7 {[%clk 0:57:48]} 20. Rac1 {[%clk 0:22:52]} Rxf1
{[%clk 0:57:09]} 21. Rxf1 {[%clk 0:22:54]} Nd6 {[%clk 0:57:09]} 22. b3
{[%clk 0:22:22]} Qg4 {[%clk 0:43:30]} 23. Nc3 {[%clk 0:22:01]} Qg6
{[%clk 0:43:45]} 24. Qd3 {[%clk 0:20:01]} Kh8 {[%clk 0:42:53]} 25. a4
{[%clk 0:18:12]} Ng8 {[%clk 0:41:04]} 26. Nb5 {[%clk 0:16:31]} Nf6
{[%clk 0:20:44]} 27. Nxc7 {[%clk 0:13:19]} Rc8 {[%clk 0:20:57]} 28. Rc1
{[%clk 0:11:20]} Nfxe4 {[%clk 0:19:07]} 29. Nb5 {[%clk 0:08:27]} Rxc1
{[%clk 0:18:57]} 30. Bxc1 {[%clk 0:08:40]} Nxb5 {[%clk 0:17:14]} 31. axb5
{[%clk 0:05:39]} Kg8 {[%clk 0:16:24]} 32. Bb2 {[%clk 0:02:17]} h5
{[%clk 0:04:47]} 33. Bxe5 {[%clk 0:01:15]} Qf5 {[%clk 0:05:11]} 34. Bf4
{[%clk 0:01:01]} g5 {[%clk 0:04:27]} 35. Kf3 {[%clk 0:00:55]} Nxg3
{[%clk 0:04:46]} 36. Ke4 1/2-1/2